000 00611cam a2200229 4500
008 090401t1993 xxu||||| |||| 00| 0 eng d
020 _a0419180303
035 _a(Sirsi) u19946
041 _aeng
050 _a692.2
100 _aStephenson, John
245 _aBuilding Regulations explained: 1992 revision.
250 _a4th ed.
260 _aLondon
_bE. & F.N. Spon
_c1993
300 _a449p. : ill. ; 30cm.
350 _a49.5
650 _aBUILDING CONTROL
_96222
650 _aBUILDING REGULATIONS 1991
690 _aBUILDING AND CONSTRUCTION-REGULATIONS
942 _n0
948 _c04/03/1997
999 _c87734
_d87734